[Event "Tamil Nadu IM 19th"]
[Site "Tiruppur"]
[Date "2024.02.25"]
[Round "9"]
[White "Dere, Pushkar"]
[Black "Ajay, Santhosh Parvathare"]
[Result "1/2-1/2"]
[WhiteElo "2223"]
[BlackElo "2148"]
[PlyCount "103"]
[EventDate "2024.02.20"]
[EventType "tourn"]
[EventRounds "9"]
[EventCountry "IND"]
[SourceTitle "CB09_2024"]
[SourceDate "2024.02.28"]
[SourceVersion "1"]
[SourceVersionDate "2024.02.28"]
[SourceQuality "1"]

1. e4 c5 2. Nf3 d6 3. d4 cxd4 4. Nxd4 Nf6 5. Nc3 a6 6. Rg1 e5 7. Nb3 Be6 8. g4 d5 9. exd5 Nxd5 10. Nxd5 Qxd5 11. Qxd5 Bxd5 12. Be3 Nc6 13. c3 0-0-0 14. Nd2 Be7 15. a4 Rhe8 16. Bc4 Nd4 17. Rc1 Nf3+ 18. Nxf3 Bxc4 19. Nd2 Bd3 20. g5 f5 21. gxf6 gxf6 22. Nf3 Bf8 23. Rg8 Be7 24. Rg7 Bd6 25. Rd1 Bc2 26. Rd2 Be4 27. Ke2 Re7 28. Rxe7 Bxe7 29. Rxd8+ Bxd8 30. Nd2 Bc2 31. b3 Kd7 32. Kf3 Ke6 33. Bc5 Bd1+ 34. Kg2 f5 35. Be3 Bc2 36. f4 Bc7 37. Kf3 h5 38. h3 Bd1+ 39. Kf2 exf4 40. Bd4 Kd5 41. Ke1 Bc2 42. Kf2 Bd8 43. Ke2 Bg5 44. a5 Be7 45. Bg7 f3+ 46. Kxf3 Bd1+ 47. Kf4 Ke6 48. b4 Bd6+ 49. Ke3 Bg3 50. Bh6 Be5 51. c4 Bc3 52. Bf8 1/2-1/2

[Event "Tamil Nadu IM 19th"]
[Site "Tiruppur"]
[Date "2024.02.20"]
[Round "2"]
[White "Dere, Pushkar"]
[Black "Sekar, B."]
[Result "1-0"]
[WhiteElo "2223"]
[BlackElo "2263"]
[PlyCount "27"]
[EventDate "2024.02.20"]
[EventType "tourn"]
[EventRounds "9"]
[EventCountry "IND"]
[SourceTitle "CB09_2024"]
[SourceDate "2024.02.28"]
[SourceVersion "1"]
[SourceVersionDate "2024.02.28"]
[SourceQuality "1"]

1. e4 c5 2. Nf3 d6 3. d4 cxd4 4. Nxd4 Nf6 5. Nc3 a6 6. Rg1 e5 7. Nb3 h5 8. Be3 Ng4 9. Bd2 Nxh2 10. Nd5 Nxf1 11. Ba5 b6 12. Bxb6 Qh4 13. Nc7+ Ke7 14. Qd5 1-0

[Event "Bhubaneswar SOA op 1st"]
[Site "Bhubaneswar"]
[Date "2024.02.04"]
[Round "10"]
[White "Dere, Pushkar"]
[Black "Kumar, Gaurav"]
[Result "0-1"]
[WhiteElo "2191"]
[BlackElo "1953"]
[PlyCount "94"]
[EventDate "2024.01.28"]
[EventType "swiss"]
[EventRounds "10"]
[EventCountry "IND"]
[SourceTitle "CB06_2024"]
[SourceDate "2024.02.07"]
[SourceVersion "1"]
[SourceVersionDate "2024.02.07"]
[SourceQuality "1"]

1. e4 e5 2. Nc3 Nf6 3. Nf3 Nc6 4. d4 exd4 5. Nxd4 Bb4 6. Nxc6 bxc6 7. Bd3 0-0 8. 0-0 d5 9. Bd2 Bxc3 10. Bxc3 Nxe4 11. Bxe4 dxe4 12. Qe2 Bf5 13. Qe3 Qe7 14. Rad1 Rfe8 15. Rd4 a6 16. Re1 Bg6 17. Rc4 Qd6 18. Rd4 Qe7 19. Rc4 Qd6 20. Rd4 Qe6 21. b3 Qe7 22. Rc4 Qd6 23. Bb4 Qd7 24. Rd4 Qf5 25. Red1 Bh5 26. R1d2 Bf3 27. Kf1 c5 28. Rd5 Bxg2+ 29. Kg1 Qe6 30. Bc3 Bf3 31. Rg5 Bg2 32. Rgd5 Bf3 33. Rg5 f6 34. Rg3 Qf5 35. Qh6 g6 36. Ba5 Re7 37. Bc3 Rd7 38. Rh3 Rad8 39. Kf1 e3 40. Rd3 Be2+ 41. Kxe2 Qxf2+ 42. Kd1 Qf1+ 43. Be1 Rxd3+ 44. cxd3 Rxd3+ 45. Kc1 Qxe1+ 46. Kb2 Qc3+ 47. Ka3 Qa5+ 0-1

[Event "Bhubaneswar SOA op 1st"]
[Site "Bhubaneswar"]
[Date "2024.02.01"]
[Round "7"]
[White "Patil, Priyanshu"]
[Black "Dere, Pushkar"]
[Result "1/2-1/2"]
[WhiteElo "2022"]
[BlackElo "2191"]
[PlyCount "114"]
[EventDate "2024.01.28"]
[EventType "swiss"]
[EventRounds "10"]
[EventCountry "IND"]
[SourceTitle "CB06_2024"]
[SourceDate "2024.02.07"]
[SourceVersion "1"]
[SourceVersionDate "2024.02.07"]
[SourceQuality "1"]

1. e4 c6 2. d4 d5 3. e5 Bf5 4. h4 h6 5. Bd3 Bxd3 6. Qxd3 e6 7. Ne2 Nd7 8. Nd2 c5 9. c4 Ne7 10. Nf4 cxd4 11. cxd5 Nxd5 12. Nxd5 exd5 13. Qxd4 Rc8 14. 0-0 Nc5 15. Nb3 Rc6 16. Rd1 Nxb3 17. axb3 Bc5 18. Qxd5 Qe7 19. Qe4 0-0 20. Be3 a6 21. Bxc5 Rxc5 22. Rd5 Rxd5 23. Qxd5 Rd8 24. Qe4 Rd2 25. Rc1 Qd7 26. Rc2 Rd1+ 27. Kh2 g6 28. e6 Qxe6 29. Qxe6 fxe6 30. Rc7 b5 31. Re7 Rd6 32. f3 Kf8 33. Ra7 h5 34. Kg3 e5 35. b4 Rc6 36. b3 Rd6 37. Kh3 Rd4 38. Rxa6 Kf7 39. Rc6 Rxb4 40. Rc3 Ke6 41. Kg3 Kd5 42. Re3 Rd4 43. Rc3 Rb4 44. Re3 Ke6 45. Rc3 Kf5 46. Re3 Rd4 47. Rc3 b4 48. Re3 Kf6 49. Re4 Kf5 50. Rxd4 exd4 51. Kf2 g5 52. hxg5 Kxg5 53. g3 Kf5 54. Ke2 Ke5 55. Kd3 Kf5 56. Ke2 Kg5 57. Kf2 Kf5 1/2-1/2

[Event "Bangalore op 1st"]
[Site "Bangalore"]
[Date "2024.01.19"]
[Round "3"]
[White "Tahbaz, Arash"]
[Black "Dere, Pushkar"]
[Result "1/2-1/2"]
[WhiteElo "2425"]
[BlackElo "2191"]
[PlyCount "100"]
[EventDate "2024.01.18"]
[EventType "swiss"]
[EventRounds "10"]
[EventCountry "IND"]
[SourceTitle "CB05_2024"]
[SourceDate "2024.01.31"]
[SourceVersion "1"]
[SourceVersionDate "2024.01.31"]
[SourceQuality "1"]

1. Nf3 d5 2. g3 g6 3. Bg2 Bg7 4. 0-0 e5 5. d3 Nc6 6. Nbd2 Nge7 7. e4 0-0 8. b3 h6 9. Bb2 d4 10. Qe2 g5 11. h4 Bg4 12. hxg5 hxg5 13. Ba3 Qd7 14. Qe1 f6 15. Nh2 Bh3 16. Qe2 a5 17. Bxe7 Nxe7 18. a4 Ng6 19. Qh5 Bxg2 20. Kxg2 Kf7 21. Qf3 Rh8 22. Ng4 Rh4 23. Qf5 Nf4+ 24. Kf3 Qxf5 25. exf5 Rh3 26. Ke4 Ne2 27. Kf3 Nc3 28. Rh1 Rxh1 29. Rxh1 Rh8 30. Rxh8 Bxh8 31. Ne4 Nd5 32. Nc5 b6 33. Ne6 Bg7 34. Ke4 Nc3+ 35. Kf3 Nd5 36. Ke2 Bf8 37. f4 gxf4 38. gxf4 Bd6 39. fxe5 Bxe5 40. Kf3 Ke7 41. Nxe5 fxe5 42. Ke4 Kd6 43. Ng5 Nc3+ 44. Kf3 Ke7 45. Ne4 c6 46. Kg4 Nxe4 47. dxe4 b5 48. Kf3 bxa4 49. bxa4 c5 50. c4 Kf6 1/2-1/2

[Event "Arandjelovac op 2nd"]
[Site "Arandjelovac"]
[Date "2023.08.03"]
[Round "6"]
[White "Dere, Pushkar"]
[Black "Kolchin, Maxim"]
[Result "1-0"]
[WhiteElo "2198"]
[BlackElo "2193"]
[PlyCount "47"]
[EventDate "2023.07.31"]
[EventType "swiss"]
[EventRounds "9"]
[EventCountry "SRB"]
[SourceTitle "CBM 215 Extra"]
[Source "ChessBase"]
[SourceDate "2023.09.30"]
[SourceVersion "1"]
[SourceVersionDate "2023.09.30"]
[SourceQuality "1"]

1. e4 e5 2. Nf3 Nc6 3. Bc4 Bc5 4. c3 Nf6 5. d4 exd4 6. e5 d5 7. Bb5 Ne4 8. cxd4 Bb6 9. Nc3 0-0 10. 0-0 Ne7 11. Bd3 Nxc3 12. bxc3 Bf5 13. Ba3 Bxd3 14. Qxd3 Re8 15. Ng5 g6 16. Qh3 h5 17. e6 f6 18. Nf7 Qc8 19. Rae1 Nf5 20. g4 Rxe6 21. gxf5 Rxe1 22. Rxe1 Kxf7 23. Re7+ Kg8 24. Re6 1-0

[Event "Arandjelovac op 2nd"]
[Site "Arandjelovac"]
[Date "2023.08.03"]
[Round "5"]
[White "Lyutsinger, Iren"]
[Black "Dere, Pushkar"]
[Result "1/2-1/2"]
[WhiteElo "1955"]
[BlackElo "2198"]
[PlyCount "80"]
[EventDate "2023.07.31"]
[EventType "swiss"]
[EventRounds "9"]
[EventCountry "SRB"]
[SourceTitle "CBM 215 Extra"]
[Source "ChessBase"]
[SourceDate "2023.09.30"]
[SourceVersion "1"]
[SourceVersionDate "2023.09.30"]
[SourceQuality "1"]

1. e4 c5 2. Nc3 Nc6 3. Bb5 Nd4 4. Nf3 g6 5. Nxd4 cxd4 6. Ne2 Bg7 7. 0-0 a6 8. Bd3 d5 9. exd5 Qxd5 10. c3 dxc3 11. dxc3 Nf6 12. Qc2 0-0 13. Be3 e5 14. c4 Qc6 15. Nc3 Be6 16. b3 Ng4 17. h3 Nxe3 18. fxe3 f5 19. e4 f4 20. Kh2 Rf7 21. Nd5 Re8 22. Qf2 Bf8 23. Qh4 Be7 24. Qf2 Bc5 25. Qf3 Ref8 26. b4 Bd4 27. b5 Qd7 28. Rac1 g5 29. Qh5 Rg7 30. Be2 g4 31. Bxg4 Bxg4 32. hxg4 Rxg4 33. Ne7+ Kh8 34. bxa6 bxa6 35. c5 Rg3 36. Nf5 Rg6 37. c6 Rxc6 38. Rxc6 Qxc6 39. Nxd4 exd4 40. Qe5+ Kg8 1/2-1/2

[Event "Pardubice Czech op-A 34th"]
[Site "Pardubice"]
[Date "2023.07.26"]
[Round "6"]
[White "Pijpers, Arthur"]
[Black "Dere, Pushkar"]
[Result "1-0"]
[WhiteElo "2465"]
[BlackElo "2192"]
[PlyCount "59"]
[EventDate "2023.07.21"]
[EventType "swiss"]
[EventRounds "9"]
[EventCountry "CZE"]
[SourceTitle "CBM 215 Extra"]
[Source "ChessBase"]
[SourceDate "2023.09.30"]
[SourceVersion "1"]
[SourceVersionDate "2023.09.30"]
[SourceQuality "1"]

1. e4 c6 2. d4 d5 3. e5 c5 4. Nf3 cxd4 5. Qxd4 Nc6 6. Qf4 e6 7. Bd3 Nb4 8. Bd2 Nxd3+ 9. cxd3 Ne7 10. Nc3 Ng6 11. Qg3 Bd7 12. Ne2 Qb6 13. h4 h5 14. 0-0 Bb5 15. Ng5 Be7 16. a4 Bd7 17. Bc3 Qd8 18. f4 Bc5+ 19. Kh1 Ne7 20. f5 Nxf5 21. Rxf5 exf5 22. Nxf7 Kxf7 23. e6+ Ke7 24. Qxg7+ Kd6 25. Qe5+ Kc6 26. Nd4+ Kb6 27. b4 Qxh4+ 28. Kg1 Rhg8 29. bxc5+ Kxc5 30. Qc7+ 1-0

[Event "Bhubaneswar op-A 14th"]
[Site "Bhubaneswar"]
[Date "2023.06.17"]
[Round "9"]
[White "Babujian, Levon"]
[Black "Dere, Pushkar"]
[Result "0-1"]
[WhiteElo "2373"]
[BlackElo "2166"]
[PlyCount "74"]
[EventDate "2023.06.11"]
[EventType "swiss"]
[EventRounds "10"]
[EventCountry "IND"]
[SourceTitle "CBM 214 Extra"]
[Source "ChessBase"]
[SourceDate "2023.07.31"]
[SourceVersion "1"]
[SourceVersionDate "2023.07.31"]
[SourceQuality "1"]

1. e4 c6 2. d4 d5 3. exd5 cxd5 4. c4 Nf6 5. Nc3 g6 6. Nf3 Bg7 7. c5 0-0 8. Be2 Nc6 9. 0-0 Ne4 10. Bf4 Bg4 11. Be3 Rc8 12. Rc1 e6 13. h3 Bxf3 14. Bxf3 f5 15. Bxe4 fxe4 16. Nb5 a6 17. Nd6 Rc7 18. Qd2 h6 19. Bxh6 Bxh6 20. Qxh6 Nxd4 21. Qe3 Nf5 22. Nxf5 gxf5 23. f4 d4 24. Qf2 Qd5 25. b4 e3 26. Qe2 Rg7 27. Rcd1 Rf6 28. Kh2 Rfg6 29. Rg1 Qe4 30. g3 Rh6 31. h4 Qxf4 32. Rg2 Rxh4+ 33. Kg1 Rxg3 34. Rxd4 Qxd4 35. Rxg3+ Kf7 36. Rf3 Rg4+ 37. Kh2 Qh8+ 0-1

[Event "Indore op 1st"]
[Site "Indore"]
[Date "2023.04.08"]
[Round "10"]
[White "Hossain, Enamul"]
[Black "Dere, Pushkar"]
[Result "1/2-1/2"]
[WhiteElo "2404"]
[BlackElo "2152"]
[PlyCount "184"]
[EventDate "2023.04.01"]
[EventType "swiss"]
[EventRounds "10"]
[EventCountry "IND"]
[SourceTitle "CBM 213 Extra"]
[Source "ChessBase"]
[SourceDate "2023.05.31"]
[SourceVersion "1"]
[SourceVersionDate "2023.05.31"]
[SourceQuality "1"]

1. e4 c6 2. d4 d5 3. e5 c5 4. dxc5 e6 5. c3 Nd7 6. Nf3 Bxc5 7. Bd3 f6 8. Qe2 fxe5 9. Nxe5 Nxe5 10. Qxe5 Nf6 11. Bb5+ Kf7 12. 0-0 Qd6 13. Qe2 e5 14. Be3 Bg4 15. f3 Bd7 16. Bxd7 Nxd7 17. Kh1 Rhe8 18. Nd2 Bxe3 19. Qxe3 Qb6 20. Qd3 Nf6 21. Qc2 Rac8 22. Rae1 Kg8 23. a3 d4 24. Ne4 Nd5 25. Ng5 g6 26. Qe4 Ne3 27. Rg1 Qf6 28. Nh3 Re7 29. Nf2 Qc6 30. Qh4 Nf5 31. Qg5 h6 32. Qg4 Ne3 33. Qh3 Qe6 34. Ng4 Nxg4 35. fxg4 dxc3 36. bxc3 Kg7 37. Rgf1 e4 38. Qe3 b6 39. g5 hxg5 40. Qd4+ Kh6 41. Re3 Qe5 42. Rf7 g4 43. Qxe5 Rxe5 44. Rxa7 Rd8 45. Kg1 Rd2 46. Ra4 Rb5 47. Rb4 Rd1+ 48. Kf2 Rf5+ 49. Kg3 Rd2 50. Rxb6 Kh5 51. h3 gxh3 52. Kxh3 Rg5 53. g3 Rc5 54. Rxe4 Rxc3 55. Rh4+ Kg5 56. Rg4+ Kh5 57. a4 Rcc2 58. Rh4+ Kg5 59. Rb5+ Kf6 60. Rf4+ Kg7 61. Kh4 Rd3 62. g4 Kh6 63. g5+ Kg7 64. Rb7+ Kg8 65. Re4 Rh2+ 66. Kg4 Rg2+ 67. Kf4 Rf2+ 68. Ke5 Rf5+ 69. Ke6 Rdd5 70. Rb8+ Kg7 71. Rb7+ Kg8 72. Rd7 Rxd7 73. Kxd7 Rxg5 74. Kc6 Kf7 75. Kb6 Rg1 76. Rb4 Kf6 77. a5 Kf5 78. a6 Re1 79. a7 Re8 80. Ka6 Ra8 81. Rb8 Rxa7+ 82. Kxa7 g5 83. Kb6 g4 84. Kc5 Ke4 85. Rb4+ Kf3 86. Rb3+ Kf2 87. Kd4 g3 88. Rb2+ Kf3 89. Rb3+ Kf2 90. Ke4 g2 91. Rb2+ Kg3 92. Rxg2+ Kxg2 1/2-1/2

[Event "IND-ch 59th"]
[Site "New Delhi"]
[Date "2023.01.03"]
[Round "13"]
[White "Dere, Pushkar"]
[Black "Ajay, Santhosh Parvathare"]
[Result "1-0"]
[WhiteElo "2114"]
[BlackElo "1725"]
[PlyCount "69"]
[EventDate "2022.12.22"]
[EventType "swiss"]
[EventRounds "13"]
[EventCountry "IND"]
[SourceTitle "CBM 211 Extra"]
[Source "ChessBase"]
[SourceDate "2023.01.31"]
[SourceVersion "1"]
[SourceVersionDate "2023.01.31"]
[SourceQuality "1"]

1. e4 c5 2. c3 d5 3. exd5 Qxd5 4. d4 Nc6 5. Nf3 Bf5 6. Be3 Nf6 7. c4 Qd8 8. Nc3 Ng4 9. d5 Nb4 10. Rc1 Nxe3 11. fxe3 g6 12. a3 Na6 13. e4 Bg4 14. Bd3 Bh6 15. Rc2 Nb8 16. 0-0 Nd7 17. Qe1 Bxf3 18. gxf3 Ne5 19. Qd1 Be3+ 20. Kh1 g5 21. Rg2 Qd7 22. Bc2 0-0-0 23. Qe2 Bf4 24. b4 Qc7 25. Rb1 cxb4 26. Rxb4 a5 27. Rb5 Nd7 28. Na4 Bd6 29. Bd3 b6 30. Qe3 Bc5 31. Nxc5 Nxc5 32. Rgb2 Na4 33. Rb1 Rd6 34. e5 Rg6 35. Bc2 1-0

[Event "IND-ch 59th"]
[Site "New Delhi"]
[Date "2023.01.02"]
[Round "12"]
[White "Bhoopnath"]
[Black "Dere, Pushkar"]
[Result "1/2-1/2"]
[WhiteElo "1707"]
[BlackElo "2114"]
[PlyCount "62"]
[EventDate "2022.12.22"]
[EventType "swiss"]
[EventRounds "13"]
[EventCountry "IND"]
[SourceTitle "CBM 211 Extra"]
[Source "ChessBase"]
[SourceDate "2023.01.31"]
[SourceVersion "1"]
[SourceVersionDate "2023.01.31"]
[SourceQuality "1"]

1. d4 d5 2. Nf3 Nf6 3. c4 c6 4. Nc3 dxc4 5. e4 b5 6. Be2 e6 7. 0-0 Be7 8. a4 b4 9. e5 Nd5 10. Ne4 Ba6 11. Bd2 Nd7 12. b3 0-0 13. bxc4 N5b6 14. Qc2 h6 15. a5 Nc8 16. Be3 Qc7 17. Qd2 f5 18. exf6 Nxf6 19. Nxf6+ Rxf6 20. Ne5 Nd6 21. Ng4 Rg6 22. Ne5 Rf6 23. Ng4 Rf5 24. c5 Ne4 25. Qa2 Bc8 26. Bd3 Nc3 27. Qc2 Nd5 28. Bxf5 exf5 29. Ne5 Bf6 30. Rfe1 Bxe5 31. dxe5 Be6 1/2-1/2

[Event "IND-ch 59th"]
[Site "New Delhi"]
[Date "2022.12.31"]
[Round "10"]
[White "Lad, Mandar Pradip"]
[Black "Dere, Pushkar"]
[Result "1-0"]
[WhiteElo "1727"]
[BlackElo "2114"]
[PlyCount "97"]
[EventDate "2022.12.22"]
[EventType "swiss"]
[EventRounds "13"]
[EventCountry "IND"]
[SourceTitle "CBM 211 Extra"]
[Source "ChessBase"]
[SourceDate "2023.01.31"]
[SourceVersion "1"]
[SourceVersionDate "2023.01.31"]
[SourceQuality "1"]

1. d4 d5 2. c4 c6 3. Nf3 Nf6 4. g3 Bf5 5. Nc3 e6 6. Bg2 dxc4 7. Ne5 Bb4 8. 0-0 Nbd7 9. Nxc4 Nb6 10. Ne5 h6 11. Qb3 Qxd4 12. Rd1 Qxe5 13. Qxb4 Qc7 14. Bf4 e5 15. Be3 Nfd7 16. Rac1 a5 17. Nb5 cxb5 18. Qxb5 Qd8 19. Bc5 f6 20. Bxb7 Rb8 21. Bc6 Kf7 22. Qxa5 Kg6 23. g4 Bxg4 24. Bxb6 Qxb6 25. Qa4 Qb4 26. Bxd7 Qxa4 27. Bxa4 Rxb2 28. Rc2 Rhb8 29. Rdd2 Rb1+ 30. Kg2 Bf5 31. Rc7 R1b2 32. Bc2 e4 33. a4 Ra2 34. Rd4 e3 35. Rg4+ Kh5 36. Bxf5 Rxe2 37. Rf4 Rbb2 38. Bg4+ Kg5 39. Kg3 h5 40. h4+ Kg6 41. Bxe2 Rxe2 42. fxe3 Rxe3+ 43. Rf3 Re1 44. Ra3 f5 45. a5 Rg1+ 46. Kf2 Rh1 47. a6 Rxh4 48. a7 Rh2+ 49. Kg1 1-0

[Event "IND-ch 59th"]
[Site "New Delhi"]
[Date "2022.12.28"]
[Round "7"]
[White "Dere, Pushkar"]
[Black "Laxman, Rajaram"]
[Result "1/2-1/2"]
[WhiteElo "2114"]
[BlackElo "2372"]
[PlyCount "91"]
[EventDate "2022.12.22"]
[EventType "swiss"]
[EventRounds "13"]
[EventCountry "IND"]
[SourceTitle "CBM 211 Extra"]
[Source "ChessBase"]
[SourceDate "2023.01.31"]
[SourceVersion "1"]
[SourceVersionDate "2023.01.31"]
[SourceQuality "1"]

1. e4 e5 2. Nf3 Nc6 3. Nc3 Nf6 4. d4 exd4 5. Nxd4 Bb4 6. Nxc6 bxc6 7. Bd3 d5 8. Bd2 0-0 9. 0-0 Rb8 10. Re1 Re8 11. a3 Bg4 12. Qc1 Bxc3 13. Bxc3 dxe4 14. Bc4 Nd5 15. Bd4 a5 16. Ba2 Qd6 17. Qg5 Qg6 18. Qxg6 hxg6 19. h3 Bf5 20. Bb3 g5 21. g4 Bg6 22. Rad1 Nf4 23. Kh2 Nd3 24. cxd3 Rxb3 25. Bc3 f6 26. dxe4 Rxe4 27. Rd8+ Kh7 28. Red1 Re7 29. R1d7 Rxd7 30. Rxd7 Kg8 31. Rxc7 Be4 32. Kg3 Rb8 33. f3 Bd5 34. f4 gxf4+ 35. Kxf4 Re8 36. Ra7 Re4+ 37. Kf5 Re3 38. g5 fxg5 39. Rxg7+ Kf8 40. Rxg5 Rxh3 41. Bxa5 Kf7 42. Bc3 Rf3+ 43. Ke5 Rh3 44. Ba5 Kf8 45. Kf5 Ke7 46. Rg7+ 1/2-1/2

[Event "Mumbai Wealth op 5th"]
[Site "Mumbai"]
[Date "2020.01.05"]
[Round "7"]
[White "Audi, Ameya"]
[Black "Dere, Pushkar"]
[Result "0-1"]
[WhiteElo "2360"]
[BlackElo "2061"]
[PlyCount "96"]
[EventDate "2019.12.30"]
[EventType "swiss"]
[EventRounds "9"]
[EventCountry "IND"]
[SourceTitle "CBM 194 Extra"]
[Source "ChessBase"]
[SourceDate "2020.03.31"]
[SourceVersion "1"]
[SourceVersionDate "2020.03.31"]
[SourceQuality "1"]

1. e4 e5 2. Nf3 Nc6 3. Bc4 Bc5 4. 0-0 Nf6 5. Re1 0-0 6. d3 d6 7. c3 a6 8. a4 Ba7 9. h3 Ne7 10. Bg5 Ng6 11. Nh4 Nxh4 12. Bxh4 Be6 13. Nd2 h6 14. Qb3 Bxc4 15. Nxc4 g5 16. Bg3 Nh5 17. Bh2 Nf4 18. Rad1 g4 19. Bxf4 exf4 20. hxg4 Qh4 21. d4 Qxg4 22. e5 d5 23. Nd2 c6 24. Qxb7 Qe6 25. Qb3 Kh8 26. Qb4 Rad8 27. Qb7 Rg8 28. f3 Qh3 29. Re2 Rg7 30. Qxf7 Rdg8 31. Qf6 Kh7 32. Qxg7+ Rxg7 33. e6 Qh4 34. Rde1 Re7 35. b4 Qf6 36. Nb3 Bb6 37. a5 Ba7 38. Nd2 Qg6 39. Nb1 Qd3 40. Rd2 Qc4 41. Kf2 Bb8 42. Rde2 Kg6 43. Kg1 Kf6 44. Kh2 Bd6 45. Kh3 Qd3 46. Kh2 h5 47. Kh3 h4 48. Kh2 Rg7 0-1

[Event "Mumbai Wealth op 5th"]
[Site "Mumbai"]
[Date "2020.01.02"]
[Round "4"]
[White "Dere, Pushkar"]
[Black "Masango, Spencer"]
[Result "1/2-1/2"]
[WhiteElo "2061"]
[BlackElo "2181"]
[PlyCount "73"]
[EventDate "2019.12.30"]
[EventType "swiss"]
[EventRounds "9"]
[EventCountry "IND"]
[SourceTitle "CBM 194 Extra"]
[Source "ChessBase"]
[SourceDate "2020.03.31"]
[SourceVersion "1"]
[SourceVersionDate "2020.03.31"]
[SourceQuality "1"]

1. e4 e5 2. Nf3 Nc6 3. Nc3 Nf6 4. a3 d5 5. Bb5 dxe4 6. Nxe5 Bd7 7. Bxc6 Bxc6 8. Qe2 Bd6 9. Nxc6 bxc6 10. Nxe4 0-0 11. Nxd6 Qxd6 12. d3 Rfe8 13. Be3 Nd5 14. 0-0 Qe5 15. c3 Nxe3 16. fxe3 Qxe3+ 17. Qxe3 Re5 18. Qe4 Rxe4 19. Rad1 Re3 20. Rde1 Rae8 21. Kf2 Rxe1 22. Rxe1 Rxe1 23. Kxe1 f5 24. Kf2 g5 25. Ke3 Kf7 26. b4 Ke6 27. Kd4 Kd6 28. h3 h6 29. c4 Ke6 30. a4 Kd6 31. g3 Ke6 32. Ke3 Ke5 33. d4+ Ke6 34. Kf3 Kd6 35. Ke3 Ke6 36. Kf3 Kd6 37. Ke3 1/2-1/2

[Event "Mumbai Wealth op 5th"]
[Site "Mumbai"]
[Date "2019.12.31"]
[Round "2"]
[White "Czebe, Attila"]
[Black "Dere, Pushkar"]
[Result "1-0"]
[WhiteElo "2374"]
[BlackElo "2061"]
[PlyCount "95"]
[EventDate "2019.12.30"]
[EventType "swiss"]
[EventRounds "9"]
[EventCountry "IND"]
[SourceTitle "CBM 194 Extra"]
[Source "ChessBase"]
[SourceDate "2020.03.31"]
[SourceVersion "1"]
[SourceVersionDate "2020.03.31"]
[SourceQuality "1"]

1. Nf3 Nf6 2. g3 g6 3. b3 Bg7 4. Bb2 d5 5. Bg2 0-0 6. 0-0 c5 7. e3 Nc6 8. Ne5 Qc7 9. Nxc6 bxc6 10. Nc3 Rb8 11. Na4 Nd7 12. Bxg7 Kxg7 13. d4 cxd4 14. exd4 Ba6 15. Re1 e6 16. Qd2 Rfc8 17. Re3 Bb5 18. Nc3 c5 19. Nxb5 Rxb5 20. c4 dxc4 21. d5 cxb3 22. dxe6 b2 23. Rb1 Ne5 24. Rxb2 Rd8 25. Qxd8 Qxd8 26. Rxb5 Qd1+ 27. Bf1 Nf3+ 28. Rxf3 Qxf3 29. Rxc5 Qb7 30. exf7 Qxf7 31. a4 Qe7 32. Rb5 Qe4 33. a5 Kh6 34. h4 Qd4 35. Rb7 Qc5 36. a6 Qd4 37. Rf7 Qb6 38. Kh2 g5 39. Bd3 Kh5 40. Rxh7+ Kg4 41. Rf7 gxh4 42. f3+ Kh5 43. Rh7+ Kg5 44. Rg7+ Kh6 45. Rg6+ Qxg6 46. Bxg6 hxg3+ 47. Kxg3 Kxg6 48. Kg4 1-0

[Event "Udaipur Lakecity rapid op 1st"]
[Site "Udaipur"]
[Date "2019.09.15"]
[Round "8"]
[White "Dere, Pushkar"]
[Black "Ravi, Teja Sanka"]
[Result "0-1"]
[WhiteElo "1920"]
[BlackElo "2455"]
[PlyCount "116"]
[EventDate "2019.09.14"]
[EventType "swiss (rapid)"]
[EventRounds "9"]
[EventCountry "IND"]
[SourceTitle "EXT 2020"]
[Source "ChessBase"]
[SourceDate "2019.10.17"]
[SourceVersion "1"]
[SourceVersionDate "2019.10.17"]
[SourceQuality "1"]

1. e4 c6 2. d3 d5 3. Nd2 e5 4. Ngf3 Bd6 5. g3 Nf6 6. Bg2 0-0 7. 0-0 Re8 8. c3 Bg4 9. Qc2 Nbd7 10. d4 dxe4 11. Nxe4 Nxe4 12. Qxe4 Nf6 13. Qc2 Bxf3 14. Bxf3 exd4 15. cxd4 h6 16. Qb3 Qb6 17. Qxb6 axb6 18. Bd2 b5 19. a3 Ra4 20. Bc3 Nd5 21. Bxd5 cxd5 22. Rae1 Kf8 23. Rxe8+ Kxe8 24. Re1+ Kd7 25. Kf1 Rc4 26. Re3 b4 27. axb4 Bxb4 28. Ke2 b5 29. Kd3 Bd6 30. Re1 Ra4 31. Kc2 h5 32. h3 f5 33. g4 fxg4 34. hxg4 h4 35. Rh1 g5 36. Bd2 Be7 37. Kd3 Ra2 38. Kc3 Ra8 39. f4 gxf4 40. Bxf4 Rf8 41. Be5 Rf3+ 42. Kc2 Rf2+ 43. Kc3 Rg2 44. Ra1 Rxg4 45. Ra7+ Ke6 46. Ra6+ Kf5 47. Ra7 Bg5 48. Rh7 Bf4 49. Rf7+ Ke4 50. Re7 Kf3 51. Kb4 Bxe5 52. Rxe5 h3 53. Kxb5 h2 54. Rh5 Kg3 55. Rxh2 Kxh2 56. Kc5 Rg5 57. b4 Kg3 58. b5 Kf4 0-1